| 000 | 00682nam a2200301Ia 4500 | ||
|---|---|---|---|
| 005 | 20260401122213.0 | ||
| 008 | 008 250103s9999 xx 000 0 eng d | ||
| 020 | _a895267136 | ||
| 037 | _aTB | ||
| 040 | _aEDL | ||
| 040 | _beng | ||
| 040 | _cEDL | ||
| 041 | _2eng | ||
| 041 | _aeng | ||
| 084 | _a195 MIR | ||
| 084 | _qEDL | ||
| 100 |
_aMirandola, Givanni Pico Della _91232901 |
||
| 245 | 0 | _aOration on the Dignity of Man | |
| 245 | 0 | _cMirandola, Givanni Pico Della | |
| 260 | _aWashington | ||
| 260 | _bRegnery Publishing | ||
| 260 | _c1956 | ||
| 300 | _a72p | ||
| 942 | _cTB | ||
| 942 | _h195 MIR | ||
| 999 |
_c1845613 _d1845613 |
||